| 000 | 00402nam a2200145Ia 4500 | ||
|---|---|---|---|
| 008 | 211109s9999||||xx |||||||||||||| ||und|| | ||
| 082 |
_a840 _bWAL-D |
||
| 100 | _aWalpole, Hugh | ||
| 245 | 0 | _aDuchess of Wrexe | |
| 260 |
_bMacmillan and Co., Limited _aKingston _c1919 |
||
| 300 | _a258p. | ||
| 630 | _xGeneral Stack | ||
| 650 |
_aliterature _vLiteratures of Romance languages _xGeneralia |
||
| 942 | _cBOOK | ||
| 999 |
_c19787 _d19787 |
||